000 00479pab a2200181 454500
008 180718b2010 xxu||||| |||| 00| 0 eng d
100 _aGeorge Annie
245 _aSex trafficking and sex work: definitions, debates and dynamics: a review of literature
260 _c2010
300 _ap.64-73.
362 _a24 Apr
650 _aProstitution
700 _aRay, Swmya
700 _aVindhya, U.
773 _aEconomic and Political Weekly
908 _aN
909 _a86783
999 _c86783
_d86783